AH International Schools' Libraries

Stepping Out Together / (Record no. 48908)

MARC details
000 -LEADER
fixed length control field 00346nam a22001217a 4500
008 - FIXED-LENGTH DATA ELEMENTS--GENERAL INFORMATION
fixed length control field 250507b |||||||| |||| 00| 0 eng d
020 ## - INTERNATIONAL STANDARD BOOK NUMBER
International Standard Book Number 9781857950489
100 ## - MAIN ENTRY--PERSONAL NAME
Personal name Beccy Blake
9 (RLIN) 86292
245 ## - TITLE STATEMENT
Title Stepping Out Together /
260 ## - PUBLICATION, DISTRIBUTION, ETC. (IMPRINT)
Name of publisher, distributor, etc Northumberland County Council
Date of publication, distribution, etc 2006
300 ## - PHYSICAL DESCRIPTION
Extent 24 p
Other physical details col. ill.
Dimensions 10 x 11 x 0.1 inches
942 ## - ADDED ENTRY ELEMENTS (KOHA)
Source of classification or shelving scheme
Koha item type Book
Holdings
Withdrawn status Lost status Source of classification or shelving scheme Damaged status Not for loan Collection code Home library Current library Shelving location Date acquired Full call number Barcode Date last seen Price effective from Koha item type
          Siem Riep Asian Hope Siem Reap Asian Hope Siem Reap Easy Reading 05/07/2025 E BLA 208214 05/07/2025 05/07/2025 Book

For any Logos Library related questions please contact Miss Art at swongnarasuk@asianhope.org.

For any Asian Hope Library related questions please contact Miss Raza at graza@asianhope.org.

Powered by Koha